Vortex methods : proceedings of the U.C.L.A. workshop held in Los Angeles, May 20-22, 1987
Αποθηκεύτηκε σε:
| Συγγραφή απο Οργανισμό/Αρχή: | |
|---|---|
| Άλλοι συγγραφείς: | , |
| Μορφή: | Πρακτικό Συνεδρίου Βιβλίο |
| Γλώσσα: | English |
| Δημοσίευση: |
Berlin ; New York :
Springer-Verlag,
c1988.
|
| Σειρά: | Lecture notes in mathematics (Springer-Verlag)
; 1360 |
| Θέματα: | |
| Ετικέτες: |
Προσθήκη ετικέτας
Δεν υπάρχουν, Καταχωρήστε ετικέτα πρώτοι!
|
MARC
| LEADER | 00000cam a2200000 i 4500 | ||
|---|---|---|---|
| 001 | 1/28431 | ||
| 008 | 941103s1988 gw ||| | eng|| | ||
| 020 | |a 3540505261 | ||
| 020 | |a 0387505261 | ||
| 035 | |l 10038072 | ||
| 035 | |a 1993 | ||
| 040 | |a GR-MY-UA |b gre |e aacr | ||
| 041 | 0 | |a eng | |
| 082 | 0 | |a 532.0595 |2 (20) | |
| 245 | 1 | 0 | |a Vortex methods : |b proceedings of the U.C.L.A. workshop held in Los Angeles, May 20-22, 1987 / |c C. Anderson, C. Greengard (eds.). |
| 260 | |a Berlin ; |a New York : |b Springer-Verlag, |c c1988. | ||
| 300 | |a 141 σ. ; |b εικ. : |c 25 εκ. | ||
| 490 | 1 | |a (Lecture notes in mathematics (Springer-Verlag) |v ; 1360) | |
| 500 | |a "Papers based on talks given at the U.C.L.A. Workshop on Vortex Methods"--Pref | ||
| 504 | |a Περιέχει ευρετήριο. | ||
| 650 | 0 | 0 | |a Vortex-motion |x Congresses. |
| 650 | 0 | 0 | |a Fluid dynamics |x Congresses. |
| 700 | 1 | |a Anderson, Christopher Radcliff, |e edt | |
| 700 | 1 | |a Greengard, C. |q (Claude) |e edt | |
| 711 | 2 | |a U.C.L.A. Workshop on Vortex Methods |d (1987 : |c Los Angeles, Calif.) | |
| 830 | 0 | |a Lecture notes in mathematics (Springer-Verlag) |v ; 1360 | |
| 852 | |a INST |b SAMOS |e 19941103 |h 532.0595 VOR |p 005300006873 |q 005300006873 |t BK |y 0 | ||
| 909 | |a Σ |b 029246 | ||